Should I fight? : (Record no. 17416)

MARC details
000 -LEADER
fixed length control field 00918nam a22002417a 4500
003 - CONTROL NUMBER IDENTIFIER
control field AUA.1
005 - DATE AND TIME OF LATEST TRANSACTION
control field 20191127153131.0
008 - FIXED-LENGTH DATA ELEMENTS--GENERAL INFORMATION
fixed length control field 161201b xxu||||| |||| 00| 0 eng d
020 ## - INTERNATIONAL STANDARD BOOK NUMBER
International Standard Book Number 9781554525782 (pbk.)
020 ## - INTERNATIONAL STANDARD BOOK NUMBER
International Standard Book Number 1554525780
035 ## - SYSTEM CONTROL NUMBER
System control number (OCoLC)701243892
040 ## - CATALOGING SOURCE
Language of cataloging eng
Transcribing agency JTL
Modifying agency JTL
050 ## - LIBRARY OF CONGRESS CALL NUMBER
Classification number BT736.2
Item number .S56 2011
245 ## - TITLE STATEMENT
Title Should I fight? :
Remainder of title essays on conscientious objection and theSeven-Day Adventist Church /
Statement of responsibility, etc edited by Barry W. Bussey.
260 ## - PUBLICATION, DISTRIBUTION, ETC. (IMPRINT)
Place of publication, distribution, etc Belleville, Ont. :
Name of publisher, distributor, etc Guardian Books,
Date of publication, distribution, etc 2011.
300 ## - PHYSICAL DESCRIPTION
Extent 416 p. :
Other physical details ill. ;
Dimensions 21 cm.
504 ## - BIBLIOGRAPHY, ETC. NOTE
Bibliography, etc Includes bibliographical references.
650 ## - SUBJECT ADDED ENTRY--TOPICAL TERM
Topical term or geographic name as entry element War|xReligious aspects
General subdivision Christianity.
650 ## - SUBJECT ADDED ENTRY--TOPICAL TERM
Topical term or geographic name as entry element War|
General subdivision Religious aspects
-- Seventh-day Adventists.
650 ## - SUBJECT ADDED ENTRY--TOPICAL TERM
Topical term or geographic name as entry element Conscientious objection
General subdivision Religious aspects
-- Seventh-day
700 ## - ADDED ENTRY--PERSONAL NAME
Personal name Bussey, Barry W.,
Dates associated with a name 1965-
942 ## - ADDED ENTRY ELEMENTS (KOHA)
Source of classification or shelving scheme Library of Congress Classification
Koha item type Delbert W. Baker Special Leadership Collection
Classification part BT 736.2
Item part .S56 2011
Holdings
Withdrawn status Lost status Source of classification or shelving scheme Damaged status Not for loan Collection code Home library Current library Shelving location Date acquired Source of acquisition Cost, normal purchase price Serial Enumeration / chronology Full call number Barcode Date last seen Cost, replacement price Price effective from Koha item type
    Library of Congress Classification     DWB Special Leadership Collection Judith Thomas Library Judith Thomas Library Delbert W. Baker Special Leadership Collection 01/12/2016 Donation, Dr. Delbert Baker 10.00 AUA20863 BT 736.2 .S56 2011 AUA20863 01/12/2016 10.00 01/12/2016 Delbert W. Baker Special Leadership Collection